Normal view MARC view
  • BANKS JERRY

Entry Personal Name

Number of records used in: 4

001 - CONTROL NUMBER

  • control field: 1928

003 - CONTROL NUMBER IDENTIFIER

  • control field: NUST

005 - DATE AND TIME OF LATEST TRANSACTION

  • control field: 20170602120415.0

008 - FIXED-LENGTH DATA ELEMENTS

  • fixed length control field: 170602|| aca||aabn | a|a d

040 ## - CATALOGING SOURCE

  • Original cataloging agency: NUST
  • Transcribing agency: NUST

100 ## - HEADING--PERSONAL NAME

  • Personal name: BANKS JERRY

670 ## - SOURCE DATA FOUND

  • Source citation: Work cat.: (NUST)23231: BANKS JERRY , DISCRETE-EVENT SYSTEM SIMULATION, c2007
© 2023 Central Library, National University of Sciences and Technology. All Rights Reserved.